000 01279nam a2200241Ia 4500
003 Ost
005 20260507075100.0
008 260507s9999||||xx |||||||||||||| ||und||
020 _a9112327977
040 _cfsecg
041 _aara
082 _a0
100 _aزويل، محمود أمين
_eمؤلف
245 0 _a خطابات الأعمال العملية /
_c محمود أمين زويل
246 _aPratical Business Letters
260 _aالإسكندرية:
_bدار الوفاء لدنيا الطباعة والنشر,
_c2000
300 _a128 صفحة؛
_bإيضاحات ؛
_c24 سم
490 _aكتب مهارات حول الفكر الإداري والمحاسبي الحديث
520 _aكتابة رسالة الأعمال،خصائص رسالة الأعمال الجيدة وعنونة المظاريف،البريد الوارد والبريد الصادر، المراسلات الداخلية،الخصم،الفواتير،الخطابات المرفقة
653 _aإدارة
653 _aكتابة رسالة الأعمال(كتابة التقارير)
942 _cكتاب
999 _c42787
_d42787